Código civil
Պահպանված է:
| Ձևաչափ: | Գիրք |
|---|---|
| Լեզու: | իսպաներեն |
| Հրապարակվել է: |
Valparaíso
Universo
1940
|
| Շարք: | Universo
|
| Խորագրեր: | |
| Ցուցիչներ: |
Ավելացրեք ցուցիչ
Չկան պիտակներ, Եղեք առաջինը, ով նշում է այս գրառումը!
|
MARC
| LEADER | 00000nam a2200000 a 4500 | ||
|---|---|---|---|
| 001 | UCS1782 | ||
| 003 | CL-VaPUC | ||
| 008 | 970515e19400000CL |||||||||||||||||spa|d | ||
| 082 | 0 | 4 | |a 346.83 |b COD |2 21 |
| 245 | 1 | 0 | |a Código civil |
| 300 | |a 472 p | ||
| 942 | |c BK | ||
| 945 | |d 19970515 00:00:00 |a paguirre | ||
| 260 | |a Valparaíso |b Universo |c 1940 | ||
| 650 | 0 | |a Derecho civil |9 255013 | |
| 650 | 0 | |a Códigos |9 352314 | |
| 650 | 7 | |a PERSONA |2 CL-VaPUC |9 327934 | |
| 650 | 7 | |a DOMICILIO |2 CL-VaPUC |9 371886 | |
| 650 | 0 | |a Derecho sucesorio |9 255015 | |
| 650 | 0 | |a Compraventa |9 255413 | |
| 650 | 0 | |a Contratos |9 255153 | |
| 650 | 0 | |a Obligaciones |9 255578 | |
| 650 | 0 | |a Arrendamiento |9 257654 | |
| 650 | 0 | |a Comodato precario |9 385678 | |
| 651 | 7 | |a CHILE |2 CL-VaPUC |9 386570 | |
| 583 | |a last modification |c 19970515 00:00:00 |k Rodrigo Vera | ||
| 490 | 0 | |a Universo | |
| 999 | |c 259814 |d 259812 | ||
| 952 | |0 0 |1 0 |4 0 |6 346_830000000000000_COD_1940 |7 0 |8 X |9 285236 |a BIBDER |b BIBDER |d 2019-11-19 |i 1847538 |o 346.83 COD 1940 |p 1847538 |r 2023-01-25 |w 2019-11-19 |y BK_X |k DER | ||